000 00689nam a2200217Ia 4500
001 12500
003 GE_BSU
008 181216s||||||||xx |||||||||||||| ||und||
040 _cGE_BSU
080 _a632(075.8)
100 _aДоброзракова,Т.Л.
245 _aЛабораторные занятия по фитопатологии
245 _cРед.М.Б.Ахремович
260 _aЛенинград
260 _bСельхозгиз
260 _c1958
300 _a223стр.22см.илл.
300 _cАльфавитный указатель с.220-223
653 _aЛабораторные занятия по фитопатологии
942 _cBK
999 _c45674
_d45674